000 00917cam a2200145ua 4500
041 _aeng
_h
082 _a6941.328
_bIND/CO
110 1 _aIndian Standards Institution .
_bISI
_c()
245 _aCode of practice for laying of asbestos sheets: part II semi corrugated sheets IS:3007 (part II)-1965
260 _aNew Delhi :
_bIndian Standards Institution ,
_c1979.
300 _a26 ; .
504 _a
942 _cBK
999 _c9984
_d9984